[Event "Copenhagen op17"]
[Site "Copenhagen"]
[Date "1995.??.??"]
[Round "9"]
[White "Schneider, Stefan"]
[Black "Ziegler, Ari"]
[Result "0-1"]
[WhiteElo "2210"]
[BlackElo "2305"]

1.d4 Nf6 2.Bg5 Ne4 3.Bf4 c5 4.f3 Qa5+ 5.c3 Nf6 6.Nd2 cxd4 7.Nb3 Qb6 8.Qxd4 d6
9.e4 e5 10.Qxb6 axb6 11.Be3 Be6 12.Nd2 Nbd7 13.Bb5 Kd8 14.c4 Nc5 15.Ke2 Bd7
16.Bxd7 Nfxd7 17.Nh3 Be7 18.a4 Rxa4 19.Rxa4 Nxa4 20.Ra1 b5 21.cxb5 Nab6 22.Nc4 Nc8
23.b6 Bf6 24.Ra8 Ke7 25.g4 g6 26.f4 h6 27.f5 Bg7 28.Nf2 gxf5 29.gxf5 d5 30.exd5 Nd6
31.Rxh8 Bxh8 32.b3 Nxf5 33.Ne4 Bg7 34.Na5 Nxe3 35.Kxe3 Nxb6 36.d6+ Kd7 37.Nxb7 f5
38.Nec5+ Kc6 39.b4 Nd5+ 40.Kd3 e4+ 41.Kc4 Nb6+ 42.Kb3 Bf6 43.h3 Bh4 44.Kc3 h5
45.d7 Bf6+ 46.Kd2 Nxd7 47.Nxd7 Kxd7 48.Nc5+ Kd6 49.Ke2 Kd5 50.Nb3 f4 51.b5 Bd8
52.Nd2 Bb6 53.Nb3 f3+ 54.Ke1 e3 55.Nc1 Ke4 56.Kf1 Ba5 57.h4 Bd8 58.b6 Bxb6
59.Nb3 e2+ 60.Ke1 Ke3  0-1

[Event "Cordoba op"]
[Site "Cordoba"]
[Date "1995.??.??"]
[Round "?"]
[White "Granados Gomez, Manuel"]
[Black "Becerra Rivero, Julio"]
[Result "0-1"]
[WhiteElo "2355"]
[BlackElo "2460"]

1.d4 Nf6 2.Bg5 Ne4 3.h4 c5 4.dxc5 Na6 5.Qd4 Qa5+ 6.c3 Nxg5 7.hxg5 Qxc5 8.Qd2 g6
9.Nf3 Bg7 10.e4 d6 11.Na3 Bd7 12.O-O-O O-O 13.Kb1 Rfc8 14.Nd4 Ba4 15.Nac2 Qb6
16.Bxa6 bxa6 17.Ka1 Bxd4 18.Nxd4 Bxd1 19.Rxd1 Rab8 20.f4 e5 21.Nb3 a5 22.f5 a4
23.Nc1 a3 24.b3 Qc6 25.c4 Qxe4 26.f6 Rxc4 27.Qxd6 Qd4+ 28.Qxd4 Rxd4  0-1

[Event "CUB-ch"]
[Site "CUB"]
[Date "1995.??.??"]
[Round "2"]
[White "Alvarez, Jose"]
[Black "Garcia, Osmel"]
[Result "0-1"]
[WhiteElo "2345"]
[BlackElo "2345"]

1.d4 Nf6 2.Bg5 Ne4 3.Bf4 c5 4.f3 Qa5+ 5.c3 Nf6 6.Nd2 cxd4 7.Nb3 Qb6 8.Qxd4 Nc6
9.Qxb6 axb6 10.Be3 b5 11.Bd2 e5 12.a3 d6 13.e4 Be6 14.Nc1 Bc4 15.Nge2 Na5
16.Ng3 Bxf1 17.Rxf1 Nc4 18.Nd3 d5 19.Ke2 h5 20.exd5 Nxd5 21.b3 Nxd2 22.Kxd2 f6
23.Ne4 Be7 24.c4 Nc7 25.Nc3 bxc4 26.bxc4 O-O-O 27.Na4 Rd4 28.Rfb1 Rhd8 29.Rb3 b5
30.Nb6+ Kb7 31.Nd5 Nxd5 32.cxd5 R8xd5 33.Ke3 Kc6 34.Ra2 Rc4 35.Nb4+ Bxb4
36.axb4 Kd6 37.Ra6+ Ke7 38.Rb6 Kf7 39.Ra3 Rxb4 40.Ra7+ Kg6 41.Rbb7 Rb3+ 42.Ke2 Kf5
43.Rxg7 Rc5 44.Ra6 Rc2+ 45.Kd1 Rf2 46.Ke1 Rfb2 47.Kd1 b4 48.Rd6 Kf4 49.Rxf6+ Ke3
50.Rc6 Rf2 51.Kc1 Rf1+ 52.Kc2 Rbb1  0-1

[Event "CZE-chT 9495"]
[Site "?"]
[Date "1995.??.??"]
[Round "5"]
[White "Kourek, Josef"]
[Black "Velicka, Petr"]
[Result "1/2-1/2"]
[WhiteElo "2280"]
[BlackElo "2425"]

1.d4 Nf6 2.Bg5 Ne4 3.Bh4 d5 4.f3 Nd6 5.e3 c6 6.Nc3 Bf5 7.Bd3 Bxd3 8.cxd3 g6
9.f4 Bg7 10.Nf3 O-O 11.O-O Na6 12.Rc1 Nc7 13.Ne5 Qe8 14.Qd2 f6 15.Nf3 Nf7
16.Na4 Na6 17.e4 Qd7 18.Rce1 e6 19.Qe3 Rae8 20.b3 Nd6 21.Re2 dxe4 22.dxe4 f5
23.e5 Ne4 24.Nc5 Nexc5 25.dxc5 Nc7 26.Nd2 Nd5 27.Qd4 b5 28.Nb1 Ra8 29.Nc3 Rfc8
30.Rc1 a5 31.Kh1 Bf8 32.Rec2 Ra6 33.h3 b4 34.Na4 Be7 35.Bxe7 Qxe7 36.Nb6 Rd8
37.Rd1 Ra7 38.Rcd2 Rb8 39.Nxd5 exd5 40.Qe3 Kf7 41.Re2 Ke6 42.g4 Rf8 43.Rg1 a4
44.Qd4 axb3 45.axb3 Ra5 46.Rc2 Qh4 47.Rh2 Rfa8 48.Qxb4 Ra2 49.gxf5+ gxf5
50.Qd4 Rxh2+ 51.Kxh2 Ra2+ 52.Rg2 Rxg2+ 53.Kxg2 Qe1 54.b4 Qe2+ 55.Kg1  1/2-1/2

[Event "CZE-chT 9495"]
[Site "?"]
[Date "1995.??.??"]
[Round "8"]
[White "Obsivac, Josef"]
[Black "Pribyl, Martin"]
[Result "0-1"]
[WhiteElo "2335"]
[BlackElo "2335"]

1.d4 Nf6 2.Bg5 Ne4 3.Bh4 g5 4.f3 gxh4 5.fxe4 c5 6.e3 Bh6 7.Kf2 Nc6 8.Nf3 Qb6
9.Nc3 Bxe3+ 10.Kxe3 cxd4+ 11.Nxd4 e5 12.Nd5 Qxd4+ 13.Qxd4 exd4+ 14.Kf4 O-O
15.Bb5 Kg7 16.g3 h3 17.g4 d6 18.Rad1 Be6 19.Bxc6 bxc6 20.Ne7 c5 21.Rd3 a5
22.Rxh3 Bxa2 23.Nf5+ Kg8 24.Ra1 Be6 25.Rha3 Rfb8 26.b3 d3 27.cxd3 Rxb3 28.Rxa5 Rxa5
29.Rxa5 Bxf5 30.exf5 Kg7 31.h4 Rxd3 32.g5 Rd4+ 33.Kg3 h5 34.Ra8 Rg4+ 35.Kh3 Rf4
36.f6+ Kg6 37.Rd8 Rd4 38.Rh8 c4 39.Rh6+ Kf5 40.Rh7 Ke6 41.Rxh5 c3 42.Rh8 Rc4
43.Re8+ Kf5 44.Re1 d5 45.Rf1+ Kg6 46.Kg3 Kh5 47.Rh1 Rg4+ 48.Kf3 d4 49.Ke2 Rg2+
50.Kd3 Rd2+ 51.Ke4 c2 52.Rg1 Rd1 53.g6 c1=Q  0-1

[Event "CZE-chT2b 9596"]
[Site "CZE"]
[Date "1995.??.??"]
[Round "?"]
[White "Svoboda, Milos"]
[Black "Sykora, Robert"]
[Result "1-0"]
[WhiteElo "2250"]
[BlackElo "2145"]

1.d4 Nf6 2.Bg5 Ne4 3.Bf4 d6 4.Nd2 Nxd2 5.Qxd2 Nd7 6.e4 e5 7.dxe5 dxe5 8.Bg3 Bd6
9.Bc4 O-O 10.Nf3 Nc5 11.Qe3 Qe8 12.O-O b5 13.Bd5 c6 14.Bb3 Nxb3 15.axb3 Qe7
16.Qc3 b4 17.Qxc6 Bb7 18.Qc4 Rfc8 19.Qe2 f6 20.Rfd1 a5 21.Rd2 Ba6 22.Qd1 Bc7
23.Nh4 Rd8 24.Nf5 Qf8 25.Rd7 Bb7 26.Ne7+ Kh8 27.Qh5 Rxd7 28.Ng6+ Kg8 29.Nxf8 Rxf8
30.Qe2 Rfd8 31.h4 Rd4 32.f3 R8d6 33.Qb5 Bc6 34.Qc5 Rd2 35.Bf2 Kf7 36.Be3 Rd1+
37.Rxd1 Rxd1+ 38.Kh2 Rd6 39.Qa7 Rd7 40.Bb6 Bxb6 41.Qxb6  1-0

[Event "DEN-chT9596"]
[Site "DEN"]
[Date "1995.??.??"]
[Round "1"]
[White "Thuesen, Mogens"]
[Black "Nikontovic, Semir"]
[Result "1-0"]
[WhiteElo "2250"]
[BlackElo "2320"]

1.d4 Nf6 2.Bg5 Ne4 3.Bf4 d5 4.f3 Nf6 5.Nc3 e6 6.e4 Bb4 7.Ne2 c5 8.a3 cxd4
9.axb4 dxc3 10.Nxc3 Nc6 11.b5 Ne7 12.Bg5 Qd6 13.Bxf6 gxf6 14.exd5 exd5 15.Bd3 O-O
16.O-O Be6 17.f4 f5 18.Qh5 Kh8 19.Ne2 Rg8 20.Kh1 d4 21.Rf2 Rg6 22.Ng3 Rag8
23.Qe2 Nd5 24.Qe5+ Qxe5 25.fxe5 Ne3 26.Rxa7 h5 27.Bxf5 Bxf5 28.Nxf5 Rxg2
29.Rxg2 Nxg2 30.Rxb7 Ne1 31.Nxd4 Rg4 32.c3 Nd3 33.Rxf7 Nxe5 34.Rf5 Nd3 35.Rxh5+ Kg8
36.Rf5 Nxb2 37.b6 Rg6 38.b7 Rb6 39.Rb5  1-0

[Event "Linz-Dresden"]
[Site "Dresden"]
[Date "1995.??.??"]
[Round "?"]
[White "Casagrande, Harald"]
[Black "Lanka, Zigurds"]
[Result "1/2-1/2"]
[WhiteElo "2385"]
[BlackElo "2510"]

1.d4 Nf6 2.Bg5 Ne4 3.h4 d5 4.Nd2 Nd6 5.Ngf3 c6 6.e3 Bg4 7.c4 Bxf3 8.Qxf3 Qa5
9.cxd5 cxd5 10.b4 Qxb4 11.Qxd5 e6 12.Qf3 Nc6 13.Rb1 Qc3 14.Rb3 Qc1+ 15.Qd1 Qxd1+
16.Kxd1 Be7 17.Bd3 e5 18.dxe5 Nxe5 19.Bb5+ Nxb5 20.Rxb5 f6 21.Bf4 Nd3 22.Bg3 b6
23.Ke2 Nc5 24.Ra1 O-O 25.a4 Nb7 26.Nb3 Bd6 27.Bxd6 Nxd6 28.Rd5 Rad8 29.Rad1 Nb7
30.Rd7 Rxd7 31.Rxd7 Rf7 32.Rd5 Rc7 33.Kd3  1/2-1/2

[Event "Dresden (Women)"]
[Site "Dresden"]
[Date "1995.??.??"]
[Round "?"]
[White "Vidoniak, Natali"]
[Black "Lelchuk, Zoja"]
[Result "0-1"]
[WhiteElo "2250"]
[BlackElo "2335"]

1.d4 Nf6 2.Bg5 Ne4 3.Bf4 c5 4.d5 Qb6 5.Bc1 e6 6.dxe6 dxe6 7.f3 Nf6 8.e4 Nc6
9.c3 Be7 10.Na3 O-O 11.Qc2 Rd8 12.Bf4 e5 13.Be3 Be6 14.g3 Rac8 15.Qf2 Nd4
16.Nc4 Bxc4 17.Bxc4 Qc6 18.a4 a6 19.Kf1 b5 20.axb5 axb5 21.Bd5 Nxd5 22.exd5 Qxd5
23.cxd4 cxd4 24.Bd2 Rc2 25.Rd1 Bb4 26.Qe1 Qc4+ 27.Ne2 Qd3 28.Bxb4 Qxf3+ 29.Qf2 Qxh1+
30.Qg1 Qf3+  0-1

[Event "ECC"]
[Site "?"]
[Date "1995.??.??"]
[Round "5"]
[White "Berry, Neil"]
[Black "Campbell, Eoin"]
[Result "1/2-1/2"]
[WhiteElo "2185"]
[BlackElo "2085"]

1.d4 Nf6 2.Bg5 Ne4 3.Bf4 c5 4.f3 Qa5+ 5.c3 Nf6 6.Nd2 cxd4 7.Nb3 Qf5 8.Bxb8 Rxb8
9.cxd4 e6 10.e4 Bb4+ 11.Nd2 Qa5 12.a3 Bxd2+ 13.Qxd2 Qxd2+ 14.Kxd2 d6 15.Bd3 Bd7
16.Ne2 Ke7 17.Rac1 Rhc8 18.g4 h6 19.h4 g6 20.Nf4 e5 21.Ne2 h5 22.g5 Ne8 23.f4 Bg4
24.fxe5 dxe5 25.dxe5 Bxe2 26.Kxe2 Ng7 27.Ke3 Rxc1 28.Rxc1 Rd8 29.Rc7+ Rd7
30.Rc8 Rd8 31.Rxd8 Kxd8 32.Bc4 Ne6 33.Bxe6 fxe6 34.Kd4 Kd7 35.Kc5 Kc7 36.a4 Kd7
37.a5 Kc7 38.b3 Kd7 39.b4 Kc7 40.b5 b6+ 41.axb6+  1/2-1/2

[Event "Elenite"]
[Site "Elenite"]
[Date "1995.??.??"]
[Round "6"]
[White "Miladinovic, Igor"]
[Black "Kolev, Atanas"]
[Result "1-0"]
[WhiteElo "2555"]
[BlackElo "2500"]

1.d4 Nf6 2.Bg5 Ne4 3.h4 d5 4.Nd2 Bf5 5.Nxe4 Bxe4 6.f3 h6 7.fxe4 hxg5 8.Qd3 c6
9.Nf3 gxh4 10.exd5 Qxd5 11.e4 Qa5+ 12.c3 Nd7 13.Qc4 e6 14.O-O-O Be7 15.Kb1 O-O-O
16.Be2 Kb8 17.Rdf1 c5 18.Qb3 cxd4 19.Nxd4 Nb6 20.Rxf7 Bf6 21.e5 Qxe5 22.Bf3 Rd5
23.a4 Qg5 24.Qc2 Rd7 25.Nxe6 Qe3 26.Rxd7 Nxd7 27.Qb3 Qb6 28.Qxb6 axb6 29.Nf4 Ne5
30.Bd1 g5 31.Nd5 Bg7 32.Nxb6 Rd8 33.Kc2 Ka7 34.a5 Rd3 35.Bf3 Rxf3 36.gxf3 Nxf3
37.Nd5 g4 38.Ne3 g3 39.Ng2 Bf6 40.Kd3 Nh2 41.Nf4 Ng4 42.Nh3 Ne5+ 43.Ke2 Ka6
44.Rf1 Nd7 45.Rd1  1-0

[Event "Elenite"]
[Site "Elenite"]
[Date "1995.??.??"]
[Round "8"]
[White "Miladinovic, Igor"]
[Black "Alterman, Boris"]
[Result "1-0"]
[WhiteElo "2555"]
[BlackElo "2595"]

1.d4 Nf6 2.Bg5 Ne4 3.h4 d5 4.Nd2 Bf5 5.Nxe4 Bxe4 6.f3 h6 7.fxe4 hxg5 8.Nf3 gxh4
9.Qd3 c6 10.g3 e6 11.gxh4 Qa5+ 12.c3 dxe4 13.Qxe4 Nd7 14.Qf4 Be7 15.Bg2 Bf6
16.Ng5 Qf5 17.Qxf5 exf5 18.Kf2 Kf8 19.a4 a5 20.Ra3 Rc8 21.Rb3 b6 22.e4 fxe4
23.Bxe4 g6 24.Bg2 Kg7 25.Nf3 c5 26.Bh3 Rcd8 27.Kg2 cxd4 28.cxd4 Rhe8 29.Rf1 Re4
30.Rb5 Be7 31.Bxd7 Re2+ 32.Rf2 Rxf2+ 33.Kxf2 Rxd7 34.Rxb6 Rc7 35.Ke3 Rc4
36.Rb7 Kf8 37.b3 Rc3+ 38.Ke4 f6 39.Nd2 Rh3 40.Kd5 Rxh4 41.Nc4 g5 42.Nxa5 g4
43.Nc4 g3 44.Ne3 Rh2 45.a5 Ra2 46.b4 f5 47.Rxe7 g2 48.Nxg2 Kxe7 49.Nh4 Rf2
50.Kc6 Rc2+ 51.Kb6 Kd7 52.b5 Kc8 53.Nxf5 Rc7 54.a6 Kb8 55.d5 Rb7+ 56.Ka5 Rf7
57.Nd4 Ka8 58.b6  1-0

[Event "RUS-ch (Women)"]
[Site "Elista"]
[Date "1995.??.??"]
[Round "6"]
[White "Zaitseva, Ludmila G"]
[Black "Shadrina, Tatiana"]
[Result "1-0"]
[WhiteElo "2360"]
[BlackElo "2235"]

1.d4 Nf6 2.Bg5 Ne4 3.Bf4 d5 4.Nd2 Bf5 5.Nxe4 Bxe4 6.e3 e6 7.Ne2 Bd6 8.Ng3 Bxf4
9.exf4 Qd6 10.Qd2 Nc6 11.Nxe4 dxe4 12.c3 Ne7 13.Bb5+ c6 14.Ba4 O-O-O 15.O-O-O Nd5
16.g3 Kb8 17.Qe2 Nxc3 18.bxc3 Qa3+ 19.Kb1 Qxa4 20.Qxe4 Rd5 21.Rd2 c5 22.Qc2 Qb5+
23.Ka1 Qc6 24.Rhd1 Rc8 25.c4 cxd4 26.Rxd4 Rxd4 27.Rxd4 Qh1+ 28.Kb2 Qxh2 29.Rd7 Qg2
30.Rxf7 Rd8 31.Qe2 a6 32.Rxg7 Rd6 33.Qe3 Qc6 34.Rg8+ Kc7 35.Rg7+ Kb8 36.Rxh7 Qa4
37.Rh8+ Kc7 38.Rh7+ Kb8 39.Rh8+ Kc7 40.Qc5+ Rc6 41.Rh7+ Kb8 42.Rh8+ Kc7 43.Qe5+ Kb6
44.Qd4+ Ka5 45.Rh5+ b5 46.Qd8+ Rb6 47.c5 Qb4+ 48.Kc2 Qe4+ 49.Kd2 Qf3 50.Rh2  1-0

[Event "Catalunya-chT"]
[Site "ESP"]
[Date "1995.??.??"]
[Round "?"]
[White "Granados Gomez, Manuel"]
[Black "Pares Vives, Jose"]
[Result "1-0"]
[WhiteElo "2400"]
[BlackElo "2365"]

1.d4 Nf6 2.Bg5 Ne4 3.h4 d5 4.Nd2 Nxg5 5.hxg5 Bf5 6.e3 e6 7.g4 Bg6 8.f4 c5
9.Qf3 Qd7 10.c3 a6 11.Nh3 Nc6 12.Nf2 Bd6 13.Bd3 Bxd3 14.Nxd3 cxd4 15.exd4 O-O-O
16.Nb3 f6 17.gxf6 gxf6 18.O-O-O b6 19.Kb1 Rhg8 20.Rde1 Rde8 21.f5 exf5 22.Rxe8+ Rxe8
23.gxf5 Ne7 24.Rh5 Rg8 25.Nbc1 Rg3 26.Qf2 Rg4 27.Rxh7 Rg5 28.Qe2 a5 29.Rf7 Rxf5
30.Nc5 bxc5 31.Qa6+ Kc7 32.Nb3 c4 33.Qa7+  1-0

[Event "Finkenstein op"]
[Site "Finkenstein"]
[Date "1995.??.??"]
[Round "7"]
[White "Muellneritsch, Anton"]
[Black "Stichlberger, Martin"]
[Result "1-0"]
[WhiteElo "2205"]
[BlackElo "2065"]

1.d4 Nf6 2.Bg5 Ne4 3.Bf4 d5 4.f3 Nd6 5.Nc3 e6 6.e4 c6 7.Bd3 Nd7 8.Qe2 Nb6
9.b3 g6 10.g4 f6 11.O-O-O Bd7 12.h4 Nf7 13.Nh3 Qe7 14.Kb1 Qb4 15.Bd2 Qxd4
16.exd5 Nxd5 17.Nxd5 Qxd5 18.Bc3 O-O-O 19.Bxf6 Qa5 20.Bc4 Ba3 21.Bxe6 Nd6
22.Bxd7+ Kxd7 23.Qe7+ Kc8 24.Bxh8  1-0

[Event "FRA-chT"]
[Site "FRA"]
[Date "1995.??.??"]
[Round "?"]
[White "Sharif, Mershad"]
[Black "Delebarre, Xavier"]
[Result "1/2-1/2"]
[WhiteElo "2470"]
[BlackElo "2285"]

1.d4 Nf6 2.Bg5 Ne4 3.Bf4 d5 4.Nd2 Nxd2 5.Qxd2 Bf5 6.e3 e6 7.Bd3 Bxd3 8.Qxd3 c6
9.Nf3 Bd6 10.Bg3 Qc7 11.O-O Nd7 12.c4 O-O 13.b4 dxc4 14.Qxc4 e5 15.b5 Nb6
16.Qd3 exd4 17.Ng5 g6 18.Qxd4 Bxg3 19.hxg3 Qe7 20.Ne4 f5 21.Nc3 Rfd8 22.Qf4 cxb5
23.Nxb5 Nd5 24.Qf3 Qe4 25.Rfc1 Qxf3 26.gxf3 Rd7 27.a4 b6 28.Rc4 a6 29.Nd4 Rb8
30.Nc6 Rbb7 31.e4 fxe4 32.fxe4 Ne7 33.Ne5 Rdc7 34.Rb1 Rxc4 35.Nxc4 Nc8 36.Kg2 Kf8
37.Kf3 Ke7 38.Ke3 Nd6 39.Nxd6 Kxd6 40.Kd4 h5 41.Rc1 Rc7 42.Rb1 Rc6 43.f4 Ke6
44.e5 Kd7 45.Rb4 Ke7 46.Kd5 Rc5+ 47.Ke4 Rc6 48.f5 gxf5+ 49.Kxf5 Rh6 50.Rb1 Kd7
51.Rh1 Rh8 52.e6+ Ke7 53.Rc1 Rg8 54.Rc7+ Kd8 55.Rd7+ Ke8 56.Rd3 Ke7 57.Rd7+ Ke8
58.Rb7 Rxg3 59.Rxb6 a5 60.Ra6 h4 61.Rxa5 h3 62.Ra8+ Ke7 63.Ra7+ Kd6 64.Rd7+ Kc6
65.Rd1 h2 66.e7 Re3 67.Kf6 Rf3+ 68.Ke6 Re3+ 69.Kf7 Rf3+ 70.Ke8 Kc7 71.a5 Rg3  1/2-1/2

[Event "Peer Gynt"]
[Site "Gausdal"]
[Date "1995.??.??"]
[Round "9"]
[White "Djurhuus, Rune"]
[Black "Elsness, Frode"]
[Result "1/2-1/2"]
[WhiteElo "2495"]
[BlackElo "2250"]

1.d4 Nf6 2.Bg5 Ne4 3.Bf4 d5 4.f3 Nf6 5.e4 dxe4 6.Nc3 Nd5 7.Nxd5 Qxd5 8.Bxc7 Nc6
9.c3 Bf5 10.Be2 e5 11.Bxe5 Nxe5 12.dxe5 Qxe5 13.Qa4+ Bd7 14.Qxe4 Qxe4 15.fxe4 O-O-O
16.O-O-O Bc5 17.Nf3 Bc6 18.Bd3 Rxd3 19.Rxd3 Bxe4 20.Kd2 Bxd3 21.Kxd3 Re8
22.Rf1 f5 23.Nd4 g6 24.h3 Kd7 25.b4 Bxd4 26.cxd4 Kd6 27.g4 Rf8 28.gxf5 gxf5
29.Rf4 Rf7 30.b5 Rf6 31.Rh4 Rf7 32.Rf4 Rf6 33.h4 Ke6 34.Rf3 Rh6 35.Re3+ Kd6
36.Re5 Rxh4 37.Rxf5 Rh2 38.a4 Ra2 39.Rh5 Rxa4 40.Ke4 Rb4 41.Rh6+ Kd7 42.Rxh7+ Kc8
43.Ke5 Rxb5+ 44.d5 Rb6 45.Rh8+ Kd7 46.Rh7+  1/2-1/2

[Event "Geneve op"]
[Site "Geneve"]
[Date "1995.??.??"]
[Round "7"]
[White "Lukasiewicz, Grzegorz"]
[Black "Kovacevic, Vlatko"]
[Result "1-0"]
[WhiteElo "2355"]
[BlackElo "2520"]

1.d4 Nf6 2.Bg5 Ne4 3.h4 c5 4.dxc5 Qa5+ 5.Nd2 Nxd2 6.Qxd2 Qxd2+ 7.Bxd2 Na6
8.b4 e6 9.g3 d6 10.cxd6 Bxd6 11.a3 Nc7 12.c4 a5 13.Rb1 axb4 14.axb4 O-O 15.Bg2 Ra2
16.Nf3 e5 17.c5 Be7 18.Nxe5 Bf6 19.f4 Rd8 20.Be3 Nb5 21.Bf3 Nc3 22.Rc1 Nd5
23.Bd2 Bxe5 24.fxe5 Rb2 25.Bg5 f6 26.exf6 gxf6 27.Rd1 fxg5 28.Rxd5 Rxd5 29.Bxd5+ Kg7
30.O-O Rxb4 31.Rf7+ Kg6 32.Rf8 Bg4 33.Rg8+ Kf6 34.hxg5+ Ke5 35.Bf3 Bxf3 36.exf3 Kd4
37.Rc8 Ke3 38.Kg2 Rb2+ 39.Kh3 Kxf3 40.Rf8+ Ke4 41.Rf7 Ke5 42.Kg4 Rb4+ 43.Kh5 Kd5
44.Rxh7 Kxc5 45.g6 Rb3 46.g7  1-0

[Event "Bundesliga 9495"]
[Site "Germany"]
[Date "1995.??.??"]
[Round "?"]
[White "Hennig, Dirk"]
[Black "Trettin, Ulrich"]
[Result "1-0"]
[WhiteElo "2345"]
[BlackElo "2270"]

1.d4 Nf6 2.Bg5 Ne4 3.Bh4 d5 4.f3 Nf6 5.Nc3 e6 6.e4 Be7 7.Bf2 O-O 8.Bd3 c5
9.dxc5 d4 10.Nb5 e5 11.Ne2 a6 12.Nd6 Bxd6 13.cxd6 Qxd6 14.O-O Nc6 15.Bh4 Nd7
16.Qd2 Nc5 17.f4 f6 18.f5 Bd7 19.g4 h6 20.Ng3 Be8 21.Rf3 Bf7 22.Nh5 Kh7 23.Kh1 Nxd3
24.cxd3 Bxh5 25.gxh5 Rf7 26.Rg1 Rc8 27.Rfg3 Qf8 28.Rg6 Nb4 29.a3 Nc6 30.Be1 b6
31.Qd1 a5 32.Qb3 Rb8 33.Bd2 b5 34.Rc1 a4 35.Qe6 Nd8 36.Qd5 Qe8 37.Bb4 Rd7
38.Qa2 Nb7 39.Qe6 Qd8 40.Bf8 Nd6 41.Rcg1 Ne8 42.Rxh6+  1-0

[Event "BL2-O9495"]
[Site "Germany"]
[Date "1995.??.??"]
[Round "?"]
[White "Lorenz, Gerd"]
[Black "Liedtke, Matthias"]
[Result "0-1"]
[WhiteElo "2235"]
[BlackElo "2270"]

1.d4 Nf6 2.Bg5 Ne4 3.Be3 d5 4.f3 Nf6 5.Bf2 e6 6.Nd2 c5 7.e3 Qb6 8.Rb1 Nc6
9.Nb3 c4 10.Nd2 e5 11.e4 exd4 12.exd5 Nxd5 13.Bxc4 Ne3 14.Qe2 Bf5 15.Bd3 Bxd3
16.cxd3 Bb4 17.a3 Bxd2+ 18.Kxd2 O-O 19.Bxe3 dxe3+ 20.Qxe3 Nd4 21.b4 Rfe8
22.Qg5 Rac8 23.h4 Nb3+  0-1

[Event "BL2-O9495"]
[Site "Germany"]
[Date "1995.??.??"]
[Round "?"]
[White "Ochs, Holger"]
[Black "Janoschka, Arnd"]
[Result "1/2-1/2"]
[WhiteElo "2190"]
[BlackElo "2220"]

1.d4 Nf6 2.Bg5 Ne4 3.Bf4 d5 4.Nd2 Nxd2 5.Qxd2 Bf5 6.e3 e6 7.Nf3 Nd7 8.Bd3 Bxd3
9.Qxd3 c6 10.O-O Be7 11.c4 O-O 12.Rfd1 f5 13.Ne5 Bf6 14.cxd5 Bxe5 15.Bxe5 Nxe5
16.dxe5 cxd5 17.Qb5 Qb6 18.Qxb6 axb6 19.a3 Rfc8 20.Rac1 Rc5 21.Rxc5 bxc5
22.Kf1 Kf7 23.Ke2 Ke7 24.f4 Ra4 25.h3 b6 26.g4 g6 27.gxf5 gxf5 28.Rg1 Kf7
29.Kd3 Re4 30.Rf1 Kg6 31.Rg1+ Kf7 32.Rf1 b5 33.Rf2 d4 34.exd4 Rxd4+ 35.Ke3 Rd1
36.Rd2 Rh1 37.Rd7+ Kg6 38.Re7 Rxh3+ 39.Kd2 Rf3 40.Rxe6+ Kg7 41.Rc6 c4 42.a4 bxa4  1/2-1/2

[Event "Bundesliga 9495"]
[Site "Germany"]
[Date "1995.??.??"]
[Round "?"]
[White "Hennig, Dirk"]
[Black "Brunner, Lucas"]
[Result "1/2-1/2"]
[WhiteElo "2350"]
[BlackElo "2525"]

1.d4 Nf6 2.Bg5 Ne4 3.Bh4 d5 4.f3 Nf6 5.Nc3 e6 6.e4 Be7 7.exd5 Nxd5 8.Bxe7 Nxe7
9.Qd2 b6 10.O-O-O Bb7 11.Bd3 Nbc6 12.Nge2 O-O 13.Rhe1 Nb4 14.Be4 c6 15.Kb1 Rc8
16.Nf4 Nbd5 17.Nce2 Nf6 18.Ng3 Ned5 19.c4 Nxf4 20.Qxf4 Rc7 21.Bc2 Rd7 22.Ne4 Nxe4
23.Qxe4 g6 24.Qe5 Qh4 25.g3 Qh6 26.Re2 Rfd8 27.Red2 c5 28.d5 exd5 29.Ba4 Rd6
30.Qe7 Ba8 31.cxd5 a6 32.Bc6 Qf8 33.Qe3 Rc8 34.Bxa8 Rxa8 35.h4 Qe8 36.Qf4 Qe7
37.g4 Re8 38.h5 b5 39.hxg6 fxg6 40.Qg3 Qe5 41.Qf2 c4 42.Rd4 Qe3 43.Qh2 Red8
44.Qg3 Rf6 45.Qc7 Rfd6 46.f4 R8d7 47.Qc8+ Rd8 48.Qc7 R8d7 49.Qc8+ Rd8 50.Qc7  1/2-1/2

[Event "BL9596 (Women)"]
[Site "Germany"]
[Date "1995.??.??"]
[Round "?"]
[White "Goehler, Antje"]
[Black "Heinatz, Gundula"]
[Result "1-0"]
[WhiteElo "2140"]
[BlackElo "2200"]

1.d4 Nf6 2.Bg5 Ne4 3.Bh4 c5 4.f3 Nd6 5.dxc5 Qa5+ 6.c3 Qxc5 7.Bf2 Qc7 8.e4 Nc6
9.Na3 a6 10.Ne2 b5 11.Nd4 e5 12.Nxc6 dxc6 13.Nc2 Be7 14.Ne3 O-O 15.Be2 Be6
16.O-O g6 17.Qc2 f5 18.exf5 gxf5 19.Bd3 Bg5 20.Rfe1 Rae8 21.b3 e4 22.fxe4 fxe4
23.Bxe4 Nxe4 24.Qxe4 Bc8 25.Qd4 Rxf2 26.Kxf2 Qxh2 27.Nf5 Rf8 28.Qg7+  1-0

[Event "BL9596 (Women)"]
[Site "Germany"]
[Date "1995.??.??"]
[Round "?"]
[White "Richtrova, Eliska"]
[Black "Jahn, Constanze"]
[Result "1-0"]
[WhiteElo "2315"]
[BlackElo "2225"]

1.d4 Nf6 2.Bg5 Ne4 3.Bf4 c5 4.d5 Qb6 5.Bc1 Qf6 6.Nf3 e6 7.c4 exd5 8.Qxd5 Qe6
9.e3 Nc6 10.Qxe6+ dxe6 11.Bd3 Nf6 12.Nc3 Bd6 13.O-O b6 14.Rd1 Ke7 15.Nb5 Bb8
16.b3 Ne5 17.Be2 Ne4 18.h3 a6 19.Bb2 Nxf3+ 20.Bxf3 Bb7 21.Nc3 Nxc3 22.Bxc3 Bxf3
23.gxf3 Bd6 24.Kf1 f6 25.Ke2 Rhd8 26.a4 Rd7 27.f4 Rad8 28.f3 g6 29.Ra2 e5
30.fxe5 Bxe5 31.Rxd7+ Rxd7 32.Bd2 f5 33.f4 Bf6 34.a5 b5 35.cxb5 axb5 36.a6 Ra7
37.Ra5 Kd6 38.Rxb5 Rxa6 39.Rb7 h5 40.Rf7 Kd5 41.Kd3 Rb6 42.Kc2 c4 43.b4 Ra6
44.b5 Ra2+ 45.Kd1 c3 46.Bc1 Ke6 47.b6 Ra6 48.b7 Rb6 49.Rc7 Be7 50.Rc6+  1-0

[Event "BL2-W9495"]
[Site "Germany"]
[Date "1995.??.??"]
[Round "?"]
[White "Kishnev, Sergey"]
[Black "Levin, Felix"]
[Result "1-0"]
[WhiteElo "2470"]
[BlackElo "2480"]

1.d4 Nf6 2.Bg5 Ne4 3.Bf4 c5 4.f3 Qa5+ 5.c3 Nf6 6.Nd2 cxd4 7.Nb3 Qb6 8.Qxd4 d6
9.Qxb6 axb6 10.e4 g6 11.Be3 Nbd7 12.Bb5 Kd8 13.Nd2 Kc7 14.Nc4 h5 15.Nh3 Bg7
16.Ng5 Rf8 17.O-O Nc5 18.e5 Nd5 19.exd6+ exd6 20.Bf2 Bd7 21.Bxd7 Nxd7 22.Ne4 Kc6
23.Rfd1 b5 24.Ne3 N7b6 25.Nxd5 Nxd5 26.Rd2 Be5 27.Rad1 Nf4 28.a3 d5 29.Nc5 Rad8
30.Nb3 b6 31.Kf1 Ne6 32.g3 g5 33.Re2 f6 34.Rde1 Rd7 35.Bd4 Nxd4 36.cxd4 Bc7
37.Re6+ Kb7 38.Nc1 h4 39.Kg2 hxg3 40.hxg3 Rh7 41.Re7 Rxe7 42.Rxe7 Kc6 43.Na2 Bd6
44.Re6 Kd7 45.Re3 f5 46.Rb3 Kc6 47.Nc3 b4 48.axb4 b5 49.Nd1 f4 50.gxf4 gxf4
51.Nf2 Re8 52.Kf1 Kb6 53.Nd1 Rh8 54.Nf2 Rc8 55.Ng4 Rc4 56.Ke2 Rxd4 57.Rd3 Rxb4
58.b3 Kc5 59.Nf6 d4 60.Ne4+ Kc6 61.Kd1 Be7 62.Kc2 Bh4 63.Rd1 Bg3 64.Kb2 Bh4
65.Rc1+ Kb6 66.Nc5 d3 67.Nd7+ Kb7 68.Kc3 d2 69.Rd1 Be7 70.Ne5 Kb6 71.Rxd2 Bc5
72.Nd7+ Kc6 73.Nxc5 Kxc5 74.Rd1  1-0

[Event "BL9495 (Women)"]
[Site "Germany"]
[Date "1995.??.??"]
[Round "202"]
[White "Just, Gabriele"]
[Black "Weclawski, Doris"]
[Result "1-0"]
[WhiteElo "2020"]
[BlackElo "2110"]

1.d4 Nf6 2.Bg5 Ne4 3.Bh4 d5 4.Nf3 g6 5.e3 Nd7 6.Bd3 Ndf6 7.Nbd2 Nxd2 8.Nxd2 Bg7
9.O-O O-O 10.c3 b6 11.f4 c5 12.Qf3 Bg4 13.Qg3 Qd7 14.Bxf6 exf6 15.f5 c4 16.Bc2 Be2
17.Rf2 Bd3 18.Bxd3 cxd3 19.e4 dxe4 20.Nxe4 Qd5 21.Qxd3 Rae8 22.Ng3 Bh6 23.Re2 b5
24.Ne4 Bg7 25.Rae1 Rc8 26.fxg6 fxg6 27.b3 Rc7 28.Qf3 Rd8 29.Nxf6+ Bxf6 30.Qxf6 Rf8
31.Re8 Rf7 32.Rxf8+ Rxf8 33.Qe6+ Qxe6 34.Rxe6 Rc8 35.Re3 Kf7 36.Kf2 a5 37.Ke2 Kf6
38.Kd3  1-0

[Event "Oberliga Ost C9495"]
[Site "Germany"]
[Date "1995.??.??"]
[Round "?"]
[White "Haubt, Georg"]
[Black "Roeberg, Frank"]
[Result "1-0"]
[WhiteElo "2275"]
[BlackElo "2295"]

1.d4 Nf6 2.Bg5 Ne4 3.Bf4 c5 4.f3 Qa5+ 5.c3 Nf6 6.d5 e6 7.e4 b5 8.a4 b4 9.Bc4 Ba6
10.Qd3 Bxc4 11.Qxc4 Qa6 12.Qxa6 Nxa6 13.dxe6 dxe6 14.Nd2 Be7 15.Ne2 O-O 16.Nc4 Rfd8
17.Kf2 Nd7 18.a5 Nab8 19.Rhd1 Nc6 20.Bc7 Nf8 21.Bxd8 Bxd8 22.a6 Bc7 23.Nc1 h5
24.Nb3 bxc3 25.bxc3 h4 26.Nxc5 Bxh2 27.Nb7 Ng6 28.Nba5 Nce5 29.Nxe5 Bxe5
30.Rac1 Rc8 31.c4 Rc5 32.Nb3 Rc6 33.c5 Nf4 34.Rc2 Rxa6 35.Rd8+ Kh7 36.Rd7 Ra3
37.Nc1 h3 38.gxh3 Nxh3+ 39.Ke2 Nf4+ 40.Kf2 Nh3+ 41.Ke2 Nf4+ 42.Kd2 Rxf3 43.Nd3 Nxd3
44.Rxd3 Rf2+ 45.Kd1 Rf1+ 46.Ke2 Rf4 47.Rc4 f5 48.c6 Rh4 49.c7 Bxc7 50.Rxc7 Rxe4+
51.Re3 Rxe3+ 52.Kxe3 Kg6 53.Rxa7 Kf6 54.Kd4 g5 55.Ra6 g4 56.Ke3 Kf7 57.Kf4 Kf6
58.Rb6 Ke7 59.Ke5  1-0

[Event "Landesliga S9495 Bayern"]
[Site "Germany"]
[Date "1995.??.??"]
[Round "7"]
[White "Hahn, Christoph"]
[Black "Schmidt, Anton"]
[Result "0-1"]
[WhiteElo "2085"]
[BlackElo "2045"]

1.d4 Nf6 2.Bg5 Ne4 3.Bf4 c5 4.d5 d6 5.f3 Qa5+ 6.c3 Nf6 7.e4 g6 8.Qd2 Bg7
9.Na3 O-O 10.Bh6 Nbd7 11.Bd3 Bxh6 12.Qxh6 Ne5 13.Be2 b5 14.f4 Neg4 15.Qh4 Ne3
16.Qg3 b4 17.Qxe3 bxa3 18.Bc4 axb2 19.Rb1 Nxe4 20.Ne2 Bg4 21.O-O Bxe2 22.Bxe2 Nxc3
23.Rxb2 Nxd5 24.Qe4 Nc3 25.Qe3 Rab8 26.Rxb8 Rxb8 27.Qxe7 Qxa2 28.Bd3 Qd5
29.Rf3 Qd4+ 30.Kf1 c4 31.Qc7 Rb6 32.f5 Nd5 33.Qc8+ Kg7 34.fxg6 hxg6 35.Rh3 Qf4+
36.Kg1 Qd4+ 37.Kf1 Qa1+ 38.Kf2 Rb2+ 39.Kf3 Qd1+ 40.Ke4 Nf6+ 41.Kd4 Qg1+ 42.Kc3 Qc1+
43.Kd4 Qf4+  0-1

[Event "Landesliga S9495 Bayern"]
[Site "Germany"]
[Date "1995.??.??"]
[Round "8"]
[White "Hahn, Christoph"]
[Black "Billenkamp, Thomas"]
[Result "0-1"]
[WhiteElo "2085"]
[BlackElo "1945"]

1.d4 Nf6 2.Bg5 Ne4 3.Bf4 d6 4.f3 e5 5.dxe5 g5 6.Bc1 Nc5 7.e4 Nc6 8.exd6 Bxd6
9.Bb5 g4 10.Bxc6+ bxc6 11.g3 Qf6 12.Be3 Ba6 13.f4 Rd8 14.Nd2 Qxb2 15.Ne2 Be7
16.O-O Nxe4 17.Re1 Nxd2 18.Bxd2 Qb6+ 19.Kg2 Bb7 20.Rb1 c5+ 21.Kg1 Qc6 22.Rxb7 Qxb7
23.Qa1 O-O 24.Qe5 Rxd2 25.Qxe7 Qd5 26.f5 Qxf5 27.Nf4 Rfd8 28.Nd3 R8xd3 29.Rf1 Rf3
30.Rxf3 Rd1+  0-1